Cartoon Characters by Pez Dispenser Quiz Stats

Quiz Updated Jun 3, 2016

Challenge
Share
Tweet
Score 0/20 Timer 03:00
1 Play Today
% Correct
Bugs Bunny
99%
SpongeBob SquarePants
98.4%
Scooby-Doo
98%
Garfield
97.2%
Bart Simpson
96%
Popeye the Sailor Man
94.6%
Jerry Mouse
94.5%
Daffy Duck
94.5%
Tweety
93.9%
Tom Cat
92.6%
% Correct
Papa Smurf
84.1%
Tasmanian Devil
82.6%
Thomas the Tank Engine
82.2%
Sylvester
78.7%
Pebbles Flintstone
72%
Optimus Prime
70.8%
Yosemite Sam
68.7%
Michelangelo
66%
Peppermint Patty
58.2%
Rainbow Dash
27.4%

You're not logged in!

Compare scores with friends on all Sporcle quizzes.
Join for Free
OR
Log In

You Might Also Like...

Show Comments

Extras

Top Quizzes Today


Score Distribution

Your Account Isn't Verified!

In order to create a playlist on Sporcle, you need to verify the email address you used during registration. Go to your Sporcle Settings to finish the process.

Report this User

Report this user for behavior that violates our Community Guidelines.

Details: